| 000 | 00594nam a2200229Ia 4500 | ||
|---|---|---|---|
| 003 | OSt | ||
| 005 | 20230516115540.0 | ||
| 008 | 210423s2014 xx 000 0 und d | ||
| 020 | _a978-81-265-5068-5 | ||
| 040 | _cAL | ||
| 041 | _aeng | ||
| 082 | _a581.1 SCOP | ||
| 100 |
_aSCOTT (Peter) _9105155 |
||
| 245 | _aPhysiology and behaviour of plants | ||
| 260 |
_aNew Delhi _bWiley- Blackwell _c2014 |
||
| 300 |
_ax,305 _bPB |
||
| 365 |
_b1260 _cINR |
||
| 650 |
_aBotany _9105156 |
||
| 650 |
_aPhysiology of Plants _9105157 |
||
| 906 | _abehaviour ; Physiology ; plants | ||
| 942 |
_2ddc _cBK |
||
| 999 |
_c166331 _d166331 |
||